00830nam a2200217 a 450000100100000000500170001000800410002702000150006804000250008308200190010810000280012724501340015526000360028930000350032550000710036050400310043165000210046265000530048365000260053665000500056200000656120260417182912.0090901s2006 dr ac 000 0 spa d a9945054007 aDO-SdBNPbspacBNPHU a610.695bT325m1 aTerrero Reyes, Clemente10aMis días en el Consejo de Enseñanza :buna mirada crítica al Sistema Nacional de Residencias Médicas /cClemente Terrero. aSanto Domingo :bBúho,c2006. a266 p. :bil., retr. ;c23 cm. aIncluye datos biográficos del autor en la solapa de la cubierta. aBibliografía: p.265-266. 0aPersonal medico  4aMédicos especialistasxFormación profesional 4aResidentes (medicina) 4aMedicinaxEnseñanzazRepública Dominicana